| Tag |
First Indicator |
Second Indicator |
Subfields |
| LEADER |
00000cam a2200000 a 4500 |
| 001 |
in00000090387 |
| 005 |
20151008063655.0 |
| 008 |
780502s1977 iau d 00010 eng d |
| 010 |
|
|
|a 77082600
|
| 020 |
|
|
|a 0892790083
|
| 035 |
|
|
|a (OCoLC)03853809
|
| 035 |
|
|
|9 AAK2710AM
|
| 040 |
|
|
|a TRI
|c TRI
|d m.c.
|d TXA
|d UtOrBLW
|
| 049 |
|
|
|a TXAM
|c [1654973]
|
| 090 |
|
|
|a B41
|b .P4
|
| 100 |
1 |
|
|a Peterson, Russell Arthur,
|d 1922-
|
| 245 |
1 |
2 |
|a A dictionary of philosophical concepts /
|c by Russell A. Peterson.
|
| 264 |
|
1 |
|a Lake Mills, Iowa :
|b Graphic Publishing Co.,
|c [1977]
|
| 264 |
|
4 |
|c ©1977
|
| 300 |
|
|
|a 120 pages ;
|c 24 cm.
|
| 336 |
|
|
|a text
|b txt
|2 rdacontent
|
| 337 |
|
|
|a unmediated
|b n
|2 rdamedia
|
| 338 |
|
|
|a volume
|b nc
|2 rdacarrier
|
| 650 |
|
0 |
|a Philosophy
|v Dictionaries.
|
| 999 |
|
|
|a MARS
|
| 999 |
f |
f |
|s 3b84e3a6-2c31-3013-8edc-422f668fa0ba
|i 10e0f55e-3a8e-3237-941b-59bfe5c004d9
|t 0
|
| 952 |
f |
f |
|p normal
|a Texas A&M University
|b College Station
|c Sterling C. Evans Library
|d Evans: Library Stacks
|t 0
|e B41 .P4
|h Library of Congress classification
|i unmediated -- volume
|m A14806075547
|
| 998 |
f |
f |
|a B41 .P4
|t 0
|l Evans: Library Stacks
|